000 00947nam a2200217 a 4500
005 20240924071003.0
008 070821s19892000mx r 000 0 spa d
020 _a8476581904
035 _aUPN01000151106
049 _aCG
050 4 _aB105 L4.5
_bS3.4
100 1 _aSchelling, Friedrich Wilhelm Joseph von,
_d1775-1854
245 1 0 _aInvestigaciones filosóficas sobre la esencia de la libertad humana y los objetos con ella relacionados /
_cF. W. J. Schelling ; ed. y tr. de Helena Cortés ; introd. de Arturo Leyte y Volker Rühle.
260 _aBarcelona, Esp. :
_bAnthropos,
_c1989 (2000 impr.).
300 _a326 p.
440 0 _aTextos y documentos.
_pClásicos del pensamiento y de las ciencias ;
_v3
534 _pTraducción de:
_tPhilosophische Untersuchungen über das Wesen der menschlichen Freiheit und die damit zusammenhängenden Gegenstände
650 7 _aLibertad
_2
_95326
650 2 _aIdealismo
_922708
905 _aLibro
999 _c123246
_d123246